banner-ar

وطن بلا مواطنين : (Record no. 66476)

MARC details
000 -الفاتح
حقل البيانات ثابتة الطول 01385nam a22003257a 4500
005 - وقت وتاريخ اخر تعامل مع التسجيلة
رقم الضبط 20240530110920.0
008 - عناصر البيانات ثابتة الطول - معلومات عامة
حقل البيانات ثابتة الطول 220221s2007 ua a g b 000 0 ara d
017 ## - رقم الايداع القانونى
رقم الايداع القانونى 2007/20872
040 ## - مصدر الفهرسة
وكالة الفهرسة الأصلية EG-CaGPL
وكالة النسخ EG-CaGPL
082 04 - رقم تصنيف ديوى العشرى
رقم الطبعة 21
رقم التصنيف 342.035 \
رقم المادة ب و
100 0# - المدخل الرئيسى - إسم شخصى
الإسم الشخصى بهى الدين حسن
245 10 - بيان العنوان
العنوان وطن بلا مواطنين :
بقية العنوان التعديلات الدستورية فى الميزان /
بيان المسئوليه,etc بهى الدين حسن ، صلاح عيسى ، عمرو حمزواى ؛ اعداد محمد حلمى ، معتز الفجيرى ؛ تقديم بهى الدين حسن
250 ## - بيان الطبعة
بيان الطبعة ط.1
260 ## - PUBLICATION, DISTRIBUTION, ETC. (IMPRINT)
تاريخ النشر أو التوزيع 2007
300 ## - الوصف المادى
التعداد 330 ص؛
أبعاد الوعاء 24 سم
490 0# - بيان السلسلة
عنوان السلسلة سلسلة قضايا الاصلاح ؛
رقم المجلد/ التعيين التسلسلي 16
650 07 - المدخل الاضافى بالموضوع-مصطلح موضوعى
مصطلح موضوعي الاصلاح الدستورى
مصدر الرأس أو المصطلح qrmak
650 07 - المدخل الاضافى بالموضوع-مصطلح موضوعى
مصدر الرأس أو المصطلح qrmak
مصطلح موضوعي الدستور
التقسيم الفرعي العام تعديلات
650 07 - المدخل الاضافى بالموضوع-مصطلح موضوعى
مصطلح موضوعي الدستور
التقسيم الفرعي الجغرافي مصر
650 07 - المدخل الاضافى بالموضوع-مصطلح موضوعى
مصطلح موضوعي الدستور
مصدر الرأس أو المصطلح qrmak
650 07 - المدخل الاضافى بالموضوع-مصطلح موضوعى
مصطلح موضوعي الارهاب
مصدر الرأس أو المصطلح qrmak
650 07 - المدخل الاضافى بالموضوع-مصطلح موضوعى
مصطلح موضوعي الاخوان المسلمون
مصدر الرأس أو المصطلح qrmak
700 0# - المدخل الاضافى - اسم شخصى
الإسم الشخصى صلاح عيسى
الدور مؤلف مشارك
700 0# - المدخل الاضافى - اسم شخصى
الإسم الشخصى عمرو حمزواى
الدور مؤلف مشارك
700 0# - المدخل الاضافى - اسم شخصى
الإسم الشخصى محمد حلمى
الدور معد
700 0# - المدخل الاضافى - اسم شخصى
الإسم الشخصى معتز الفجيرى
الدور معد
700 0# - المدخل الاضافى - اسم شخصى
الإسم الشخصى بهى الدين حسن
الدور مقدم
942 ## - عناصر المدخل الإضافي( كوها)
مصدر التصنيف او مخطط الترفيف Dewey Decimal Classification
Koha [default] item type كتاب
260 ## - PUBLICATION, DISTRIBUTION, ETC. (IMPRINT)
-- القاهرة :
-- مركز القاهرة لدراسات حقوق الانسان ،
Holdings
حالة التراجع حالة الفقد حالة تلف ليس للاعارة المكان المؤقت الموقع الحالى موقع الترفيف تاريخ الاكتساب اجمالي اﻻعارات رقم الطلب الباركود تاريخ اخر مشاهدة تاريخ تفعيل السعر نوع وعاء كوها
        مكتبة القاهرة الكبرى مكتبة القاهرة الكبرى ق الرئيسية_العلوم الاجتماعية_ك عربى 06/05/2022   342.035 \ ب و 168023 06/05/2022 06/05/2022 كتاب

Powered By

EGPV